Statistics for Which Letter..?

Click here to take the quiz!

General Stats

  • This quiz has been taken 43 times
  • The average score is 5 of 15

Answer Stats

Which Letter..?Letter% Correct
is used the LEAST in the English language?Z (0.07%)
81%
begins the LEAST amount of words in the English language?X (400 Words)
70%
is the starting letter for the most capital cities?B (26 Countries)
67%
is the 13th letter on a keyboard? (Starting with Q)D
67%
is the starting letter for the most island nations? (Countries located entirely on islands)S (9 Countries)
67%
is the "ancestor" of the German umlaut letter "ß"?S
41%
is the letter included in the most played "Countries that Start with ..." quiz?B (around 820,000 times taken)
30%
is NOT found on the Periodic Table?J
11%
is the 3rd letter of the LEAST guessed country in the "Countries of the World Quiz"?O (São Tomé and Príncipe)
11%
is the most reoccurring letter in the capital of Mongolia?A (It is used 5 times in the name Ulaanbaatar)
7%
is the only letter in Scrabble worth 5 points?K
7%
is the Roman Numeral for 1,000?M
7%
is . - - . in morse code (Dot, Dash, Dash, Dot)P
7%
is the beginning letter for NO countries, along with X?W
7%
does NOT appear in any U.S. state names?Q
4%

Score Distribution

Percentile by Number Answered

Percent of People with Each Score

Your Score History

You have not taken this quiz